000 01572nam a2200409Ii 4500
001 DIGT&B0081
003 NyNyDIG
008 170112s2008 sp a ob 000 0 spa d
006 m o d
007 cr |||||||||||
035 _a(OCoLC)656424682
040 _aDGITA
_beng
_erda
_epn
_cDGITA
020 _z9788496576735
020 _z8496576736
043 _an-us---
050 1 4 _aPN1995 ebook
082 0 4 _a791.4375
100 1 _aGuillén Barrantes, Sergio,
_d1979-
_eauthor.
245 1 0 _a80 películas de los 80 :
_buna lectura ácida /
_cSergio Guillén Barrantes, Andrés Puente Gómez.
246 3 _aOchenta películas de los ochenta
264 1 _aMadrid, España :
_bT&B Editores,
_c[2008]
300 _a1 online resource :
_billustrations.
336 _atext
_btxt
_2rdacontent
337 _acomputer
_bc
_2rdamedia
338 _aonline resource
_bcr
_2rdacarrier
504 _aIncludes bibliographical references.
588 0 _aOnline resource; title from PDF title page (Digitalia, viewed January 13, 2017)
650 0 _aMotion pictures
_zUnited States
_xHistory.
655 0 _aElectronic books.
700 1 _aPuente Gómez, Andrés,
_d1978-
_eauthor.
791 2 _aDigitalia (Firm),
_edistributor.
793 0 _gDigitalia eBook Collection:
_abT&B editores
776 0 8 _iPrint version:
_aGuillén Barrantes, Sergio, 1979-
_t80 películas de los 80.
_dMadrid : T & B, 2008
_z9788496576735
_w(OCoLC)233136202
856 4 0 _3Digitalia Hispánica
_uhttps://www.digitaliapublishing.com/a/507/
910 _aPremium collection: 2017
942 _cRAA
999 _c229558
_d229558